| Record ID | marc_records_scriblio_net/part01.dat:139255176:771 |
| Source | Scriblio |
| Download Link | /show-records/marc_records_scriblio_net/part01.dat:139255176:771?format=raw |
LEADER: 00771cam 22002051 4500
001 03015586
003 DLC
005 20010925150516.0
008 791108r18991899enkc 000 0 eng
010 $a 03015586
035 $a(OCoLC)5664464
040 $aDLC$cOCl$dDLC
050 00 $aDA428.1$b.R7
100 1 $aRosebery, Archibald Philip Primrose,$cEarl of,$d1847-1929.
245 00 $aOliver Cromwell;$ba eulogy and an appreciation.$cBy the Right Hon. the Earl of Rosebery.
260 $aLondon,$bA. Melrose$c[1899]
300 $a35, [1] p.$bfront. (port.)$c20 cm.
500 $a"An address delivered ... on the occasion of the unveiling of a statue of the great Protector."
500 $aReprinted from the Daily news of 15th November, 1899.
600 10 $aCromwell, Oliver,$d1599-1658.